000 00689nam a2200253Ia 4500
003 OSt
005 20221006160505.0
006 a|||||r|||| 00| 0
007 ta
008 221006b |||||||| |||| 00| 0 eng d
024 _a45,307
037 _cSeries Articles
040 _aEASL
_cEASL
_beng
041 _2eng
_aeng
100 _aAoude Ibrahim
_9673864
245 0 _aEgyptian uprising and the global caitalist system
260 _aLos
_bAngeles Sage Publications London
_c2012
300 _a315-330pp.
_ccm.
490 _v49
650 _a Capitalist System
_9673865
650 _aAsian Studies
942 _cREF
_2CC
999 _c1113399
_d1113399